Central Library and Information Centre
Sibsagar Girls' College, Sivasagar : Assam

STRUCTURE AND STYLE (Record no. 1401)

MARC details
000 -LEADER
fixed length control field 00490cam a2200181ua 4500
008 - FIXED-LENGTH DATA ELEMENTS--GENERAL INFORMATION
fixed length control field 160930n II |||gr||||Z||||||eng
040 ## - CATALOGING SOURCE
Original cataloging agency MAIN
041 ## - LANGUAGE CODE
-- English
100 ## - MAIN ENTRY--PERSONAL NAME
Personal name SHERIDAN, HARRIET W.
245 ## - TITLE STATEMENT
Title STRUCTURE AND STYLE
Remainder of title AN ANALYTICAL APPROACH TO PROSE WRITING
250 ## - EDITION STATEMENT
Edition statement 1ST.
260 ## - PUBLICATION, DISTRIBUTION, ETC.
Place of publication, distribution, etc. NEW YORK:
Name of publisher, distributor, etc. HARCOURT,BRACE & WORLD,INC.,
Date of publication, distribution, etc. 1966.
300 ## - PHYSICAL DESCRIPTION
Extent 364:
Dimensions 20CM.
700 ## - ADDED ENTRY--PERSONAL NAME
Personal name SHERIDAN, HARRIET W.,
Relator term AUTHOR.
942 ## - ADDED ENTRY ELEMENTS (KOHA)
Koha item type Books
653 ## - INDEX TERM--UNCONTROLLED
Uncontrolled term English fiction
Holdings
Withdrawn status Lost status Source of classification or shelving scheme Damaged status Not for loan Collection code Home library Current library Shelving location Date acquired Barcode Date last seen Price effective from Koha item type Public note
    Dewey Decimal Classification     REFENG Central Library and Information Centre Sibsagar Girls College Central Library and Information Centre Sibsagar Girls College ENGLISH REFERENCE RACK 07.04.1968 01588 11.11.2020 11.11.2020 Books V


Sibsagar Girl's College © 2020. All rights reserved.
Powered by Koha.
Maintained by Abhijit Borpuzari.